000 00354nam a22001457a 4500
999 _c258049
_d258048
003 OSt
005 20200123101817.0
008 200123b xxu||||| |||| 00| 0 eng d
020 _a9780515134520
040 _cN/A
100 _aLaurell K. Hamilton
245 _aThe Lunatic Cafe
260 _aNewYork
_bBerkley Publishing Group
_c2005
942 _2lcc
_cBK